000 01238cad a22002175a 4500
001 L144431
008 080718s2008 xxk f f000 0 eng d
035 _a(Sirsi) u144431
041 0 _aeng
050 0 4 _a306.1 $2 18
110 2 _aAll Party Urban Development Group
_95129
245 0 0 _aGreening UK cities' buildings
_bimproving the enegy efficiency of our offices, shops and factories
_h[electronic resource]
260 _a[S.l.]
_bAPUDG
_c2008
520 _aExamines what should be done by both public and private sectors to reduce the energy use of cities' existing non-domestic buildings. Focuses on the three main obstacles: the availability of information; the economics of retrofitting and physical barriers such as the age and location of the building. Concludes that better measurement, greater awareness and systematic management can help owners and occupiers to achieve quick wins at almost no extra cost.
521 2 _aAdvanced
590 _aKA NTK
651 4 _aUnited Kingdom
_y
690 _aENVIRONMENTAL AND LAND CONSULTANCY-SUSTAINABILITY-SUSTAINABLE DEVELOPMENT
856 4 0 _uhttps://www.allparty-urbandevelopment.org.uk/
_zView the report free of charge at www.allparty-urbandevelopment.org.uk...
942 _n0
999 _c108508
_d108508